01506 2200421 4500001002100000005001500021035002000036007000300056008004100059082001500100084001500115245031300130300004400443650002900487700003100516700003200547700002800579700003200607700002400639700002200663700002800685700003500713700002300748700002900771710002700800264003400827336002100861337003000882338002300912020002200935040002200957090001900979090002200998850001201020041000801032999002201040990002201062INLIS00000000084494820200211101436 a0010-0319000471ta190327s2017 yoia g | ind d04223a379.24 a379.24 LIT1 aLiterasi jurus hebat penghilang penat :bkompilasi praktik baik kegiatan literasi sekolah di kota Cirebon /cTim penulis, Lis Nur'eni, Dewi Pujiastuti, Asih Kurnia Asih, Oom Qomariah, Apriani Dinni SN, Adi Tama, Saidah, Vera Riyanti, Elva Virdianastuty, Novi Nurul Khotimah, Kartino: editor, Alviana Cahyanti axi, 133 halaman :bfoto, tabel ;c21 cm 4aLiterasi--xBunga rampai0 aDewi PujiastutiePengarang0 aAsih Kurnia AsihePengarang0 aOom QomariahePengarang0 aApriani Dinni SNePengarang0 aAdi TamaePengarang0 aSaidahePengarang0 aVera RiyantiePengarang0 aNovi Nurul KhotimahePengarang0 aKartinoePengarang0 aAlviana CahyantieEditor aLis Nur'eniePengarang aBantul :bSamudra Biru,c2017 2rdacontentateks 2rdamediaatanpa perantara 2rdacarrieravolume a978-602-5610-44-8 aYOPDYOGbinderda aDEP 379.24 LIT aCB-D.11 2017-2850 aYOPDYOG0 aind aCB-D.11/2017-2850 aCB-D.11/2017-2850